Infertility treatment outcome evaluation in infertile obese patients undergoing intracytoplasmic sperm injection / (رقم التسجيلة. 38754)
[ عرض عادي ]
| 000 -LEADER | |
|---|---|
| fixed length control field | 01790cam a2200349 a 4500 |
| 003 - CONTROL NUMBER IDENTIFIER | |
| control field | EG-GiCUC |
| 005 - DATE AND TIME OF LATEST TRANSACTION | |
| control field | 20250223030630.0 |
| 008 - FIXED-LENGTH DATA ELEMENTS--GENERAL INFORMATION | |
| fixed length control field | 120603s2012 ua d f m 000 0 eng d |
| 040 ## - CATALOGING SOURCE | |
| Original cataloging agency | EG-GiCUC |
| Language of cataloging | eng |
| Transcribing agency | EG-GiCUC |
| 041 0# - LANGUAGE CODE | |
| Language code of text/sound track or separate title | eng |
| 049 ## - LOCAL HOLDINGS (OCLC) | |
| Holding library | Deposite |
| 097 ## - Thesis Degree | |
| Thesis Level | Ph.D |
| 099 ## - LOCAL FREE-TEXT CALL NUMBER (OCLC) | |
| Classification number | Cai01.11.15.Ph.D.2012.Ya.I |
| 100 0# - MAIN ENTRY--PERSONAL NAME | |
| Personal name | Yasser Khamis Mohamed Abdallah |
| 245 10 - TITLE STATEMENT | |
| Title | Infertility treatment outcome evaluation in infertile obese patients undergoing intracytoplasmic sperm injection / |
| Statement of responsibility, etc. | Yasser Khamis Mohamed Abdallah ; Supervised Ismael Ibrahim Aboulfoutouh , Hazem Salah Eldeen Elashmawi , Mohamed Nagi Mohesen |
| 246 15 - VARYING FORM OF TITLE | |
| Title proper/short title | تقييم ناتج علاج العقم في مرضى السمنة عن طريق الحقن المجهرى للسيتوبلازم |
| 260 ## - PUBLICATION, DISTRIBUTION, ETC. | |
| Place of publication, distribution, etc. | Cairo : |
| Name of publisher, distributor, etc. | Yasser Khamis Mohamed Abdallah , |
| Date of publication, distribution, etc. | 2012 |
| 300 ## - PHYSICAL DESCRIPTION | |
| Extent | 105 P. : |
| Other physical details | charts ; |
| Dimensions | 25cm |
| 502 ## - DISSERTATION NOTE | |
| Dissertation note | Thesis (Ph.D.) - Cairo University - Faculty of Medicine - Department of Gynecology and Obstetrics |
| 520 ## - SUMMARY, ETC. | |
| Summary, etc. | The aim of this study to observe the impact of obesity on the outcome of IVF and ICSI cycles and to compare the outcome of IVF or ICSI treatments in obese patients to that in morbidly obese patients. A total of 120 patients undergoing ICSI cycles were categorized on the basis of body mass index: (group A 30-34.9 group B {u2265}35 and group C{u227A} 30 |
| 530 ## - ADDITIONAL PHYSICAL FORM AVAILABLE NOTE | |
| Additional physical form available note | Issued also as CD |
| 653 #4 - INDEX TERM--UNCONTROLLED | |
| Uncontrolled term | Assisted reproduction treatment |
| 653 #4 - INDEX TERM--UNCONTROLLED | |
| Uncontrolled term | Body mass index |
| 653 #4 - INDEX TERM--UNCONTROLLED | |
| Uncontrolled term | IVF |
| 700 0# - ADDED ENTRY--PERSONAL NAME | |
| Personal name | Hazem Salah Eldeen Elashmawi , |
| Relator term | |
| 700 0# - ADDED ENTRY--PERSONAL NAME | |
| Personal name | Ismael Ibrahim Aboulfoutouh , |
| Relator term | |
| 700 0# - ADDED ENTRY--PERSONAL NAME | |
| Personal name | Mohamed Nagi Mohesen , |
| Relator term | |
| 856 ## - ELECTRONIC LOCATION AND ACCESS | |
| Uniform Resource Identifier | <a href="http://172.23.153.220/th.pdf">http://172.23.153.220/th.pdf</a> |
| 905 ## - LOCAL DATA ELEMENT E, LDE (RLIN) | |
| Cataloger | Nazla |
| Reviser | Revisor |
| 905 ## - LOCAL DATA ELEMENT E, LDE (RLIN) | |
| Cataloger | Samia |
| Reviser | Cataloger |
| 942 ## - ADDED ENTRY ELEMENTS (KOHA) | |
| Source of classification or shelving scheme | Dewey Decimal Classification |
| Koha item type | Thesis |
| Source of classification or shelving scheme | Not for loan | Home library | Current library | Date acquired | Full call number | Barcode | Date last seen | Koha item type | Copy number |
|---|---|---|---|---|---|---|---|---|---|
| Dewey Decimal Classification | المكتبة المركزبة الجديدة - جامعة القاهرة | قاعة الرسائل الجامعية - الدور الاول | 11.02.2024 | Cai01.11.15.Ph.D.2012.Ya.I | 01010110057938000 | 22.09.2023 | Thesis | ||
| Dewey Decimal Classification | المكتبة المركزبة الجديدة - جامعة القاهرة | مخـــزن الرســائل الجـــامعية - البدروم | 11.02.2024 | Cai01.11.15.Ph.D.2012.Ya.I | 01020110057938000 | 22.09.2023 | CD - Rom | 57938.CD |